Quicken 2 for windows made easy / David Campbell, Mary Campbell (Registro nro. 12284)

Detalles MARC
000 -LÍDER
fixed length control field 00496nam a2200169 4500
008 - ELEMENTOS DE LONGITUD FIJA -- INFORMACIÓN GENERAL
fixed length control field 0 1993 0a 000 0USA
020 ## - NÚMERO INTERNACIONAL NORMALIZADO PARA LIBROS
ISBN 0-07-881841-9
050 ## - SIGNATURA TOPOGRAFICA DE LA BIBLIOTECA DEL CONGRESO (LC)
Número de Clasificación HG179 C35 1993
082 ## - NUMERO DE CLASIFICACION DECIMAL DEWEY
Número de Clasificación 001.642.5 C127q
100 ## - ASIENTO PRINCIPAL--NOMBRE PERSONAL
Nombre personal Campbell, David
245 ## - TÍTULO
Título Quicken 2 for windows made easy / David Campbell, Mary Campbell
260 ## - PUBLICACIÓN, DISTRIBUCIÓN, ETC. (PIE DE IMPRENTA)
Lugar de publicación, distribución, etc. Usa : Mcgraw-Hill
300 ## - DESCRIPCIÓN FÍSICA
Extensión xxii, 457 p. / 23 cm.
500 ## - NOTA GENERAL
Nota general Incluye apendices
650 ## - ASIENTO SECUNDARIO DE MATERIA - TERMINO TEMÁTICO
Término temático o nombre geográfico como elemento de entrada 1. Quicken para windows
700 ## - ASIENTO SECUNDARIO - NOMBRE PERSONAL
Nombre personal Campbell, Mary
Existencias
No. biblioteca No. biblioteca Número de clasificación Código de barras/Número de adquisición Número de copia Tipo de material
LUIS G. INCLAN LUIS G. INCLAN 001.642.5 C127q 21227 1 Libros
LUIS G. INCLAN LUIS G. INCLAN 001.642.5 C127q 21228 2 Libros
LUIS G. INCLAN LUIS G. INCLAN 001.642.5 C127q 21229 3 Libros
Calzada Tecnológico # 27, Zacatepec, Morelos.
01(734) 343-07-23 / 343-21-10 / 343-21-11
Apdo. Postal 45 C.P 62780